[Event "Katowice POL-HUN 10th"]
[Site "Katowice"]
[Date "2023.09.10"]
[Round "8"]
[White "Barski, Radoslaw"]
[Black "Krawczyk, Flawian"]
[Result "1-0"]
[WhiteElo "2440"]
[BlackElo "2288"]
[PlyCount "113"]
[EventDate "2023.09.09"]
[EventType "swiss (rapid)"]
[EventRounds "9"]
[EventCountry "POL"]
[SourceTitle "CBM 216 Extra"]
[Source "ChessBase"]
[SourceDate "2023.11.30"]
[SourceVersion "1"]
[SourceVersionDate "2023.11.30"]
[SourceQuality "1"]

1. e4 c5 2. Nf3 Nc6 3. Bb5 g6 4. Bxc6 dxc6 5. d3 Bg7 6. h3 Nf6 7. Nc3 Nd7 8. Be3 b6 9. 0-0 Nf8 10. Nh2 Ne6 11. Qd2 Nd4 12. Rac1 0-0 13. Bh6 f5 14. Bxg7 Kxg7 15. exf5 Bxf5 16. Rfe1 Qd6 17. Qe3 Rf7 18. g4 Bd7 19. Ne4 Qf4 20. Ng5 Qxe3 21. fxe3 Ne6 22. Nxf7 Kxf7 23. Rf1+ Kg7 24. Nf3 a5 25. Ne5 Be8 26. h4 a4 27. a3 Rd8 28. c4 Nf8 29. Rcd1 Rd6 30. g5 Ne6 31. Kg2 Kg8 32. Rf2 Kg7 33. Kf3 Kg8 34. Ke2 Ng7 35. Rdf1 Ne6 36. Ng4 Kg7 37. Nh6 Rd7 38. Kd2 b5 39. Kc2 Rb7 40. Rg1 Rd7 41. Rg4 b4 42. axb4 cxb4 43. d4 Nd8 44. Rg1 Bf7 45. Nxf7 Nxf7 46. c5 e5 47. Rgf1 exd4 48. exd4 Re7 49. Rf6 Rc7 50. Kd3 a3 51. bxa3 bxa3 52. Kc3 Nd8 53. Kb3 Ra7 54. Rd6 a2 55. Ra1 Nb7 56. Rd7+ Kg8 57. Kb2 1-0

[Event "Opole AZS op 1st"]
[Site "Opole"]
[Date "2023.08.15"]
[Round "5"]
[White "Cichon, Bartlomiej"]
[Black "Barski, Radoslaw"]
[Result "1-0"]
[WhiteElo "1768"]
[BlackElo "2331"]
[PlyCount "111"]
[EventDate "2023.08.15"]
[EventType "swiss (rapid)"]
[EventRounds "9"]
[EventCountry "POL"]
[SourceTitle "EXT 2024"]
[Source "ChessBase"]
[SourceDate "2023.10.10"]
[SourceVersion "1"]
[SourceVersionDate "2023.10.10"]
[SourceQuality "1"]

1. e4 e5 2. Nf3 Nc6 3. Bc4 Bc5 4. Bb3 d6 5. c3 Nf6 6. d3 a6 7. Nbd2 Ba7 8. h3 h6 9. Nf1 Be6 10. Ng3 Qd7 11. Qe2 0-0-0 12. Be3 Bxe3 13. fxe3 Bxb3 14. axb3 d5 15. exd5 Qxd5 16. Rd1 Qxb3 17. 0-0 Qb6 18. Kh2 Kb8 19. e4 h5 20. Nf5 g6 21. Ne3 Rd7 22. Nc4 Qc5 23. b4 Qe7 24. Rb1 Ne8 25. b5 axb5 26. Rxb5 Nd6 27. Nxd6 Rxd6 28. Rfb1 b6 29. Ra1 Rhd8 30. Qa2 Kc8 31. d4 exd4 32. e5 dxc3 33. exd6 Qxd6+ 34. g3 h4 35. Qf2 Kb7 36. Kg2 Qe6 37. gxh4 Qc4 38. Rbb1 Rd3 39. Rd1 Ne5 40. Rxd3 Nxd3 41. Qd4 Nf4+ 42. Kh1 Qxd4 43. Nxd4 c5 44. Nb5 Nd5 45. Rc1 Kc6 46. Nxc3 Nxc3 47. Rxc3 b5 48. Kg2 b4 49. Rf3 f5 50. Rg3 c4 51. Rxg6+ Kd5 52. Kf2 b3 53. h5 b2 54. Rb6 f4 55. h6 f3 56. h7 1-0

[Event "Monteolivete op 3rd"]
[Site "Alboraia"]
[Date "2023.07.21"]
[Round "6"]
[White "Barski, Radoslaw"]
[Black "Vignesh, NR."]
[Result "1/2-1/2"]
[WhiteElo "2409"]
[BlackElo "2495"]
[PlyCount "135"]
[EventDate "2023.07.17"]
[EventType "swiss"]
[EventRounds "9"]
[EventCountry "ESP"]
[SourceTitle "CBM 215 Extra"]
[Source "ChessBase"]
[SourceDate "2023.09.30"]
[SourceVersion "1"]
[SourceVersionDate "2023.09.30"]
[SourceQuality "1"]

1. d4 Nf6 2. c4 e6 3. Nc3 Bb4 4. f3 c5 5. a3 Bxc3+ 6. bxc3 d6 7. e4 Nc6 8. Ne2 b6 9. Ng3 Qc7 10. f4 0-0 11. e5 Ne8 12. Bd3 f5 13. d5 Ne7 14. 0-0 exd5 15. cxd5 c4 16. Bc2 Qc5+ 17. Kh1 Qxd5 18. a4 Qxd1 19. Rxd1 dxe5 20. Ba3 Kf7 21. fxe5 g6 22. Ne2 Nc7 23. Rd6 Be6 24. Rad1 Ned5 25. Nd4 Ne3 26. Rc6 Rfc8 27. Nxe6 Nxe6 28. Rd7+ Kg8 29. Rxe6 Rd8 30. Rxd8+ Rxd8 31. Rd6 Re8 32. Rd2 Nxc2 33. Rxc2 Rxe5 34. h4 Ra5 35. Bc1 Rxa4 36. Kh2 b5 37. Re2 a5 38. Re7 Kf8 39. Ra7 Ra1 40. Be3 Ke8 41. Bb6 Ra3 42. Rxa5 Rxc3 43. Rxb5 Rb3 44. Rxb3 cxb3 45. Bd4 h6 46. Kg3 g5 47. h5 Kf7 48. Kf3 f4 49. Ke4 Ke6 50. Bb2 Kd6 51. Bg7 Kd7 52. Kd3 g4 53. Ke4 f3 54. gxf3 g3 55. Ke3 Ke6 56. Ke2 Kf5 57. Kf1 Kg5 58. Kg2 Kxh5 59. Kxg3 Kg6 60. Bd4 Kf5 61. Kf2 Kf4 62. Be3+ Kf5 63. Bc1 h5 64. Ba3 Kf4 65. Ke2 Kg3 66. Bd6+ Kg2 67. Be5 h4 68. Kd3 1/2-1/2